HIMPUNAN HADIS PILIHAN Fadilat Amal : (Record no. 204089)

MARC details
000 -LEADER
fixed length control field 01150nam a2200289 i 4500
005 - DATE AND TIME OF LATEST TRANSACTION
control field 20260512143618.0
008 - FIXED-LENGTH DATA ELEMENTS--GENERAL INFORMATION
fixed length control field 260504b my ||||| |||| 00| 0 may d
020 ## - INTERNATIONAL STANDARD BOOK NUMBER
International Standard Book Number 9786297767079
Terms of availability RM29.90
Qualifying information paperback
040 ## - CATALOGING SOURCE
Original cataloging agency PPAK
Language of cataloging eng
Transcribing agency PPAK
Description conventions rda
041 1# - LANGUAGE CODE
Language code of text/sound track or separate title eng
Language code of original ara
082 04 - DEWEY DECIMAL CLASSIFICATION NUMBER
Edition number 23
Classification number 297.125
090 00 - LOCALLY ASSIGNED LC-TYPE CALL NUMBER (OCLC); LOCAL CALL NUMBER (RLIN)
Classification number (OCLC) (R) ; Classification number, CALL (RLIN) (NR) 297.125
Feature heading MAQ
Feature heading G
100 1# - MAIN ENTRY--PERSONAL NAME
Personal name Al-Maqdisy, Al-Hafizh Dhiyauddin Muhammad Abdul Wahid,
Relator term author.
245 10 - TITLE STATEMENT
Title HIMPUNAN HADIS PILIHAN Fadilat Amal :
Remainder of title Dalil-Dalil Perjalanan Hidup Rasulullah SAW /
Statement of responsibility, etc. AL-HAFIZH DHIYAUDDIN MUHAMMAD BIN ABDUL WAHID AL-MAQDISY ; Penterjemah KH. M. NOOR THOHIR
264 #1 - PRODUCTION, PUBLICATION, DISTRIBUTION, MANUFACTURE, AND COPYRIGHT NOTICE
Place of production, publication, distribution, manufacture Batu Caves, Selangor :
Name of producer, publisher, distributor, manufacturer SRI SAUJANA MARKETING,
Date of production, publication, distribution, manufacture, or copyright notice 2025
300 ## - PHYSICAL DESCRIPTION
Extent xviii, 441 pages ;
Dimensions 23 cm
336 ## - CONTENT TYPE
Content type term text
Source rdacontent
337 ## - MEDIA TYPE
Media type term unmediated
Source rdamedia
338 ## - CARRIER TYPE
Carrier type term volume
Source rdacarrier
500 ## - GENERAL NOTE
General note Contains quotes from the Hadith.
600 00 - SUBJECT ADDED ENTRY--PERSONAL NAME
Personal name Muhammad,
Titles and other words associated with a name Prophet,
Dates associated with a name -632
650 10 - SUBJECT ADDED ENTRY--TOPICAL TERM
Topical term or geographic name entry element Hadith
General subdivision Criticism, interpretation, etc.
Topical term or geographic name entry element Islam
General subdivision Customs and practices
Topical term or geographic name entry element Muslims
General subdivision Conduct of life
700 0# - ADDED ENTRY--PERSONAL NAME
Personal name KH. M. Noor Thohir,
Relator term translator.
942 ## - ADDED ENTRY ELEMENTS (KOHA)
Source of classification or shelving scheme Dewey Decimal Classification
Koha item type Book

No items available.